000 00467pab a2200181 454500
008 180718b2010 xxu||||| |||| 00| 0 eng d
100 _aManchester, colleen Flaherty
245 _aStop the clock policies and career success in academic
260 _c2010
300 _ap.219-23.
362 _aMay
650 _aCareer development
700 _aKramer, Amit
700 _aLeslie, Lisa M.
773 _aAmerican Economic Review
908 _aN
909 _a87344
999 _c87344
_d87344